Dead Artists - Statistics

General Stats
  • This quiz has been taken 33 times
  • The average score is 12 of 16
Answer Stats
Picture Answer % Correct
Freddie Mercury
100%
Michael Jackson
100%
Prince
100%
Kurt Cobain
93%
Tupac Shakur
93%
Amy Winehouse
90%
John Lennon
90%
Whitney Houston
90%
Aretha Franklin
79%
Jimi Hendrix
79%
The Notorious B.I.G.
76%
Aaliyah
55%
Buddy Holly
55%
Marvin Gaye
48%
John Denver
41%
MF Doom
31%
No matching quizzes found
Score Distribution
Percent of People with Each Score
Percentile by Number Answered
Your Score History
You have not taken this quiz